Giải quyết tranh chấp

保存先:
書誌詳細
第一著者: Dana, Danel
フォーマット: 図書
言語:Undetermined
出版事項: Hà Nội Thống Kê 2004
主題:
タグ: タグ追加
タグなし, このレコードへの初めてのタグを付けませんか!
Thư viện lưu trữ: Trung tâm Học liệu Trường Đại học Cần Thơ
LEADER 00551nam a2200193Ia 4500
001 CTU_74163
008 210402s9999 xx 000 0 und d
020 |b 32000 
082 |a 658 
082 |b D167 
100 |a Dana, Danel 
245 0 |a Giải quyết tranh chấp 
245 0 |c Danel Dana ; Nguyễn Hữu Tiến, Đặng Xuân Nam (dịch) 
260 |a Hà Nội 
260 |b Thống Kê 
260 |c 2004 
650 |a Management 
904 |i Nguyên, Qhieu 
980 |a Trung tâm Học liệu Trường Đại học Cần Thơ